| 000 | 00743cam a22002051 4500 | ||
|---|---|---|---|
| 001 | af 49001178 | ||
| 003 | DLC | ||
| 005 | 20260227110918.0 | ||
| 008 | 900328s1945 be 000 0 dut c | ||
| 010 | _aaf 49001178 | ||
| 035 | _a(OCoLC)21279748 | ||
| 040 |
_aNew York. Public. Libr. _cCU _dDLC |
||
| 042 | _apremarc | ||
| 050 | 0 | 0 |
_aD811.5 _b.T62 |
| 245 | 0 | 0 |
_aTonja, _bverhalen en novellen van weggevoerde jonge arbeiders. |
| 260 |
_aBrussel, _bKajotters-Uitgaven, _c1945. |
||
| 300 |
_a164 p. _c21 cm. |
||
| 505 | 0 | _aTonja.--Wij, jonge weggevoerden ...--Ziekenapostolaat "Verboten Zutritt."--Van een voetbalclub en een "Blauwe Divisie."--Een gevangene van stiel.--In de hel. | |
| 650 | 0 |
_aWorld War, 1939-1945 _xPersonal narratives, Belgian. |
|
| 999 |
_c6871 _d6871 |
||